000 00319nam a2200133Ia 4500
005 20250603145807.0
008 250603s9999 xx 000 0 und d
050 _aKP 29 .N5/
100 _aMukiitar, A. M.
245 0 _aSupreme court rules: practice direction, 2013
260 _c2013
300 _a89 p
942 _cBK
999 _c42875
_d42875